000 00565nam a22001817a 4500
005 20141113121235.0
010 _aENG-111215
020 _a9780198099550
_c895.00
035 _aEN-94747
037 _bDBAD/PUB
100 _aKumar, M. Dinesh
245 _aThirsty cities :
_bhow Indian cities can meet their water needs /
_cby M. Dinesh Kumar
260 _aNew Delhi
_bOxford University Press
_c2014
270 _aYMCA Library building, 1 Jai Singh Road
_bNew Delhi
_e110001
300 _axxvii, 343p.
_c23cm(Hb)
500 _aIncludes index
942 _2ddc
_cEN
_mKUM
999 _c90019
_d90019